| 000 | 00674nam a22002177a 4500 | ||
|---|---|---|---|
| 005 | 20220719111709.0 | ||
| 008 | 220719b ||||| |||| 00| 0 eng d | ||
| 040 | _cAL | ||
| 041 | _aEnglish | ||
| 082 |
_223 _a355.0335 _bSINS |
||
| 100 |
_aJasjit Singh _951102 |
||
| 245 | _aStrategic Analysis: Monthly Journal of the IDSA | ||
| 260 |
_aNew Delhi _bThe Institute for Defence Studies and Analyses _c1998 |
||
| 300 |
_a1256 p. _bPB _c23.5x15.5 cm. |
||
| 440 |
_aVol XXII No 8 November 1998 _951103 |
||
| 650 |
_aIndia Europe and Non-Proliferation _951104 |
||
| 650 |
_aPakistan _951105 |
||
| 650 |
_aNATO _951106 |
||
| 700 |
_aSINGH (Jasjit) Ed _951107 |
||
| 942 |
_2ddc _cGF |
||
| 999 |
_c223964 _d223964 |
||